Gladwyn Jebb (1945–1946): prvý generálny tajomník v službách OSN

Venovanie sa pôsobeniu Gladwyna Jebba, prvého generálneho tajomníka Organizácie Spojených národov, ktorý zastával túto funkciu v dočasnom postavení v období bezprostredne po vzniku OSN.

Salvato in:
Dettagli Bibliografici
Autore principale: Jančíková, Eva, 1960-
Natura: Capitolo di libro
Lingua:slovacco
Soggetti:
Tags: Aggiungi Tag
Nessun Tag, puoi essere il primo ad aggiungerne!!

MARC

LEADER 00000naa$a2200000$$$4500
001 0314380
005 20260126081548.6
041 0 |a slo 
044 |a SK 
245 1 0 |a Gladwyn Jebb (1945–1946): prvý generálny tajomník v službách OSN  |c Eva Jančíková 
520 |a Venovanie sa pôsobeniu Gladwyna Jebba, prvého generálneho tajomníka Organizácie Spojených národov, ktorý zastával túto funkciu v dočasnom postavení v období bezprostredne po vzniku OSN. 
610 2 0 |a Organizácia spojených národov 
610 2 0 |a riaditelia 
610 2 0 |a lídri 
610 2 0 |a služby 
610 2 0 |a nezávislosť 
610 2 0 |a identita 
610 2 0 |a inštitúcia 
100 1 |a Jančíková, Eva, 1960-